[Event "Nordsjaellands Weekend EMT 2024"]
[Site "Allerod"]
[Date "2024.01.07"]
[Round "5"]
[White "Petersen, Peter Birk"]
[Black "Strange, Mikkel"]
[Result "1-0"]
[WhiteElo "2152"]
[BlackElo "2327"]
[PlyCount "89"]
[EventDate "2024.01.05"]
[EventType "swiss"]
[EventRounds "5"]
[EventCountry "DEN"]
[SourceTitle "Live v. Allerod Skakklub"]

1. e4 e5 2. Nf3 Nc6 3. Bb5 f5 4. d3 fxe4 5. dxe4 Nf6 
6. O-O Bc5 7. Qd3 d6 8. Qc4 Bd7 9. Nc3 Qe7 10. Nd5 Nxd5 
11. exd5 Nd4 12. Nxd4 Bxd4 13. c3 Bb6 14. Bxd7+ Qxd7 15. a4 a6 
16. Be3 Bxe3 17. fxe3 O-O-O 18. Rf2 Rdf8 19. Raf1 Rxf2 20. Rxf2 Kb8 
21. h3 Rc8 22. Qe4 g6 23. b3 c6 24. c4 c5 25. Qh4 Ka7 
26. Rf6 Re8 27. Qg4 Qc7 28. Qf3 Re7 29. Qf2 Rd7 30. e4 Qb6 
31. Qf3 Qd8 32. Kh2 Qe7 33. Qf2 Kb8 34. h4 Qg7 35. g3 Kc7 
36. a5 Qh6 37. Rf7 Qc1 38. Rxd7+ Kxd7 39. Qf7+ Kc8 40. Qg8+ Kc7 
41. Qxh7+ Kb8 42. Qxg6 Qc2+ 43. Kh3 Qxb3 44. Qxd6+ Ka8 45. Qf8+ 1-0